The Legend of Zelda The Wind Waker - Statistiques

Statistiques générales
  • Ce quiz a été pris 373 fois
  • Le résultat moyen est 10 sur 21
Statistiques - réponses
Hint Réponse % Correct
Île où Link récupère une voile Mercantîle
98%
Marchand sur son bateau Terry
73%
La jeune pirate Tetra
70%
Le cadeau d'anniversaire de Link Longue-vue
64%
Celui qui décrypte les cartes Tingle
64%
Soeur de Link Arielle
63%
Île où se cache Jabu-Jabu Île de l'aurore
59%
Le plus puissant brevage Soupe de mémé
58%
Trésor du temple de la terre Bouclier miroir
53%
Nouveau sage du vent Dumoria
46%
Permet de voler des objets aux ennemis Grappin-griffe
43%
Lieu de danger de l'île aux forêt Bois défendus
40%
Vieux combattant qui entraine Link Orco
40%
Repose dans le hall du château d'Hyrule Excalibur
37%
Celui qui kidnappe la soeur de Link Roi cuirassé
28%
Permet de contrôler les mouettes Fruit miam miam
26%
Île où se cache la grande fée Île géminée
26%
Île où Link obtient les bracelets de force Montagne de feu
25%
Nom complet du roi d'hyrule Daphnès Nohansen Hyrule
17%
Permet de se déplacer rapidement par les airs Requiem de la tornade
13%
Permet de communiquer à distance Amulette pirate
9%
Aucun quiz correspondant
Distribution des résultats
% des personnes avec chaque résultat
Percentile par nombre de réponses
Votre historique - résultats
Vous n’avez pas pris ce quiz